000 01259nas a22002057a 4500
007 c| c| |||a|
008 230829s2023 sz |||||o|||| 00| 0 eng d
041 _aeng
245 _aDigital Twin Cities:
_bKey Insights and Recommendations
260 _bWorld Economic Forum,
_cAugust 2023
520 _aA World Economic Forum provides a guide for city leaders considering the development of digital twin cities and insights for entrepreneurs and investors looking to shape the next generation of applications. It presents preliminary insights and recommendations for building high-quality digital twin cities that can help address pressing urban challenges. The report emphasises the need for multi-stakeholder collaboration, a sustainable operational framework, and a transformative sociotechnical programme to deliver on the potential of digital twin city technology.
650 _aBUILDING INFORMATION MODELLING
650 _aDIGITAL TWIN
650 _aPLANNING
650 _aSUSTAINABLE DEVELOPMENT
651 _aInternational
710 _96332
_aWorld Economic Forum
710 _96333
_aChina Academy of Information and Communications Technology
856 _uhttps://www3.weforum.org/docs/WEF_Digital_Twin_Cities_2023.pdf
_zAvailable from the WEF
999 _c121652
_d121652